Statistiken für Schätze die Menge

Klicken Sie hier um das Quiz zu spielen!

Allgemein

  • Dieses Quiz wurde 159 mal gespielt
  • Das Durchschnittsergebnis liegt bei 6 aus 9

Antwortstatistiken

HerstellerArtikelGewichtMenge% Korrekt
MAOAMBloxx22g6
96%
August Storck KGKnoppers200g8
96%
FerreroHanuta220g10
95%
De BeukelaerPrinzenrolle400g23
78%
FerreroSchoko Bons125g21
76%
LeibnizButterkekse200g40
72%
HariboGummibärchen200g84 | 85
53%
NestléSmarties150g130
45%
SolettiSoletti (Salzstangen)230g312
21%

Verteilung der Resultate

Perzentil nach korrekt beantworteten Fragen

Anzahl Personen mit jedem Resultat

Ihre Resultats-Entwicklung

Sie haben dieses Quiz noch nicht gespielt